[Event "FRA-ch U16"]
[Site "Agen"]
[Date "2022.04.18"]
[Round "2"]
[White "Droin, Augustin"]
[Black "De Carvalho Massabo, Raphael"]
[Result "0-1"]
[WhiteElo "2400"]
[BlackElo "1760"]
[PlyCount "62"]
[EventDate "2022.04.16"]
[EventType "swiss"]
[EventRounds "9"]
[EventCountry "FRA"]
[SourceTitle "EXT 2023"]
[Source "ChessBase"]
[SourceDate "2022.10.05"]
[SourceVersion "1"]
[SourceVersionDate "2022.10.05"]
[SourceQuality "1"]

1. e4 e5 2. Nf3 Nc6 3. Bb5 Nf6 4. d3 d6 5. c3 Bd7 6. a4 h6 7. Nbd2 Ne7 8. Bc4 c6 9. Ba2 Qc7 10. Nf1 d5 11. Ng3 Ng6 12. h3 Bd6 13. 0-0 0-0-0 14. Be3 Kb8 15. b4 Nf4 16. Nh2 h5 17. Qc2 g5 18. b5 h4 19. b6 axb6 20. Ne2 g4 21. hxg4 Nxg4 22. Nxg4 Bxg4 23. f3 Be6 24. Rab1 Rdg8 25. Nxf4 exf4 26. Bxb6 Qe7 27. Kf2 h3 28. gxh3 Rg2+ 29. Kxg2 Qh4 30. Bg1 Bxh3+ 31. Kh1 Bg2+ 0-1